000 00509nam a2200181Ia 4500
005 20250326130717.0
008 250326s9999 xx 000 0 und d
037 _aTextbook
040 _aFMSL
_beng
_cFMSL
041 _aeng
_2eng
084 _aXXL23 L6.4
_qFMSL
100 _aReisman D.a. Au.
_9741150
245 0 _aAdam Smith's Sociological Economics vol.4
_cReisman D.a. Au.
260 _aNY
_bNY, Routledge
_c1976
490 _v4
942 _cTB
_hXXL23 L6.4
999 _c1283758
_d1283758